<Les> Facteurs de croissance de l'économie slovaque

Saved in:
Bibliographic Details
Main Author: Kita, Jaroslav
Format: Book Chapter
Language:French
Polish
Tags: Add Tag
No Tags, Be the first to tag this record!

MARC

LEADER 00000naa a2200000 4500
001 0146836
005 20240502083339.3
041 0 |a fre 
041 0 |a pol 
044 |a FR 
245 1 0 |a <Les> Facteurs de croissance de l'économie slovaque  |c Jaroslav Kita 
100 1 |a Kita, Jaroslav